Principles of surface physics /

Bibliographic Details
Main Author: Bechstedt, Friedhelm
Format: Book
Language:English
Published: Berlin ; New York : Springer, [2003]
Series:Advanced texts in physics.
Subjects:

MARC

Tag First Indicator Second Indicator Subfields
LEADER 00000pam a22000004a 4500
001 in00001789913
005 20151025103624.0
008 030424s2003 gw a b 001 0 eng
010 |a  2003050611 
020 |a 3540006354 (acid-free paper) 
035 |a (OCoLC)ocm52160264 
040 |a DLC  |c DLC  |d OHX  |d TXA  |d UtOrBLW 
042 |a pcc 
049 |a TXAM 
050 0 0 |a QC173.4.S94 2003 
072 7 |a QC  |2 lcco 
082 0 0 |a 530.4/17  |2 21 
090 |a QC173.4.S94  |b B43 2003 
100 1 |a Bechstedt, Friedhelm. 
245 1 0 |a Principles of surface physics /  |c Friedhelm Bechstedt. 
264 1 |a Berlin ;  |a New York :  |b Springer,  |c [2003] 
264 4 |c ©2003 
300 |a xii, 342 pages :  |b illustrations ;  |c 25 cm. 
336 |a text  |b txt  |2 rdacontent 
337 |a unmediated  |b n  |2 rdamedia 
338 |a volume  |b nc  |2 rdacarrier 
490 1 |a Advanced texts in physics,  |x 1439-2674 
504 |a Includes bibliographical references (pages [317]-336) and index. 
650 0 |a Surfaces (Physics) 
830 0 |a Advanced texts in physics.  |x 1439-2674 
948 |a cataloged  |b h  |c 2003/10/5  |d c  |e rdavis  |f 4:16:25 pm 
994 |a E0  |b TXA 
999 |a MARS 
999 f f |s 0fc0f407-5712-3345-a0d6-fa20b4fe778d  |i b751ab48-6ecd-3a58-9f42-004c8e1ca181  |t 0 
952 f f |p normal  |a Texas A&M University  |b College Station  |c Sterling C. Evans Library  |d Evans: Library Stacks  |t 0  |e QC173.4.S94 B43 2003  |h Library of Congress classification  |i unmediated -- volume  |m A14830558250 
998 f f |a QC173.4.S94 B43 2003  |t 0  |l Evans: Library Stacks